| 000 | 00679nam a2200229 i 4500 | ||
|---|---|---|---|
| 001 | bg | ||
| 100 | 1 | _aNUTTGENS, Patrick | |
| 245 | 1 | 0 |
_aDzieje architektury / _cPatrick Nuttgens ; tł. Stefan Muszyński. |
| 246 |
_iTyt. oryg.: _aThe story of architecture |
||
| 260 |
_aWarszawa : _b"Arkady", _c1998. |
||
| 300 |
_a351, [1] s. : _bfot. kolor., pl. ; _c25 cm. |
||
| 500 | _aTyt. oryg.: "The story of architecture" 1997. | ||
| 504 | _aBibliogr. s. 321-324. | ||
| 650 | 9 |
_aArchitektura _xhistoria |
|
| 020 | _a8321340350 | ||
| 040 | _cBPK | ||
| 041 | 1 |
_apl _hen |
|
| 080 | _a72(091) | ||
| 920 | _a83-213-4035-0 | ||
| 942 | _cKS | ||
| 008 | s pl f |000 0 pol | ||
| 999 |
_c35928 _d35928 |
||
| 856 |
_uhttp://koha.tu.koszalin.pl/cgi-bin/koha/opac-detail.pl?biblionumber=35928 _yKatalog online BPK |
||